000 00339nam a2200133Ia 4500
008 240624s9999 xx 000 0 und d
041 _aeng
082 _a338.04 BJE
100 _aBJERKE BJORN
245 _aUNDERSTANDING ENTREPRENEURSHIP
260 _c2007
_aUnited Kingdom
_bEdward Elgar
300 _aix, 267 p.; 23 cm.
365 _c
_b38
999 _c30718
_d30718